Central Library OPAC University of Rajshahi

প্রচ্যের রাজনৈতিক চিন্তাধারা = Oriental political thought / (Record no. 75079)

MARC details
000 -LEADER
fixed length control field 00903nam a22002417a 4500
001 - CONTROL NUMBER
control field 75079
003 - CONTROL NUMBER IDENTIFIER
rucl marc code BD-RjUL
005 - DATE AND TIME OF LATEST TRANSACTION
control field 20211209082636.0
008 - FIXED-LENGTH DATA ELEMENTS--GENERAL INFORMATION
fixed length control field 190117s214 bg ||||| b||| 00| 0 ben d
020 ## - INTERNATIONAL STANDARD BOOK NUMBER
International Standard Book Number 9789849183006
035 ## - SYSTEM CONTROL NUMBER
System control number (BD-RjUL)75297
040 ## - CATALOGING SOURCE
Original cataloging agency BD-RjUL
Language of cataloging eng
Transcribing agency BD-RjUL
041 ## - LANGUAGE CODE
Language code of text/sound track or separate title eng
082 ## - DEWEY DECIMAL CLASSIFICATION NUMBER
Edition number 23
Classification number 320.9
Author mark and year NAO 2014
100 ## - MAIN ENTRY--PERSONAL NAME
Personal name নাথ, বিপুল রঞ্জন
9 (RLIN) 227141
245 ## - TITLE STATEMENT
Title প্রচ্যের রাজনৈতিক চিন্তাধারা = Oriental political thought /
Statement of responsibility, etc. বিপুল রঞ্জন নাথ
250 ## - EDITION STATEMENT
Edition statement ২য় সং.
260 ## - PUBLICATION, DISTRIBUTION, ETC. (IMPRINT)
Place of publication, distribution, etc. ঢাকা :
Name of publisher, distributor, etc. বুক সোসাইটি,
Date of publication, distribution, etc. ২০১৪
300 ## - PHYSICAL DESCRIPTION
Pagination (১৬) ৪৪৮ পৃ. ;
Size ২২ সেমি.
504 ## - BIBLIOGRAPHY, ETC. NOTE
Bibliography, etc বিবলিওগ্রাফি সম্বিলত।
650 ## - SUBJECT ADDED ENTRY--TOPICAL TERM
Topical term or geographic name as entry element Political science
General subdivision History.
9 (RLIN) 227040
942 ## - ADDED ENTRY ELEMENTS (KOHA)
Source of classification or shelving scheme Dewey Decimal Classification
Koha item type Books
Holdings
Lost status Source of classification or shelving scheme Damaged status Not for loan Collection code Permanent Location Current Location Shelving location Date acquired Source of acquisition Cost, normal purchase price Total Checkouts Full call number Date last seen Copy number Koha item type
  Dewey Decimal Classification   Not For Loan Non-fiction Central Library, University of Rajshahi Central Library, University of Rajshahi Reading Room 18/11/2018 Author 275.00   B 320.9 NAO 2014 17/01/2019 C-1 Books